| 000 | 00557nam a22002177a 4500 | ||
|---|---|---|---|
| 001 | 26814 | ||
| 003 | BD-RjUL | ||
| 005 | 20211209051054.0 | ||
| 008 | 140323s1967 bg ||||| |||| 00| 0 eng d | ||
| 035 | _a(BD-RjUL)26885 | ||
| 040 |
_aBD-RjUL _beng _cBD-RjUL |
||
| 041 | _aeng | ||
| 082 | 0 | 4 |
_222 _a202.3 _bKHO 1967 |
| 100 | 1 |
_akhan, Adalat. _982422 |
|
| 245 | 1 | 0 |
_aOur paradise / _cAdalat khan. |
| 250 | _a1st ed. | ||
| 260 |
_aChittagong [east pakistan] : _bIslamia, _c1967. |
||
| 300 |
_av, 72 p. ; _c22 cm. |
||
| 650 | 0 |
_aHeaven _982423 |
|
| 942 |
_2ddc _cBK |
||
| 999 |
_c26814 _d26814 |
||